Actitudes hacia la tolerancia y la cooperación en ambientes multiculturales. Evaluación e intervención educativa en un contexto concreto: la ciudad de Melilla /

Bibliographic Details
Other Authors: Sánchez Fernández, Sebastián (ed.), Mesa Franco, María Carmen (ed.)
Format: Libro
Language:Spanish
Published: Granada Universidad de Granada 1998
Series:Colección Monográfica "EIRENE" 9
Subjects:
Online Access:

MARC

LEADER 00000cam a2200000 a 4500
001 014525
003 UAHC_CL
005 20170803121140.0
008 040629b1998 sp 000 spa
020 |a 8433825135 
040 |a UAHC_CL  |c UAHC_CL  |d UAHC_CL 
245 1 0 |a Actitudes hacia la tolerancia y la cooperación en ambientes multiculturales. Evaluación e intervención educativa en un contexto concreto: la ciudad de Melilla /  |c editores Sebastián Sánchez, María Carmen Mesa. 
260 |b Universidad de Granada  |a Granada  |c 1998 
300 |a 336 p. 
490 0 |a Colección Monográfica "EIRENE"  |v 9 
650 4 |a EDUCACION MULTICULTURAL 
650 4 |a SOCIOLOGIA DE LA EDUCACION 
653 |a PEDAGOGIA EN EDUCACION BASICA 
700 1 |a Sánchez Fernández, Sebastián  |e ed. 
700 1 |a Mesa Franco, María Carmen  |e ed. 
900 |a 370.19342 ACT 
942 |c BK 
952 |0 0  |1 0  |4 0  |6 370_193420000000000_ACT  |7 0  |8 General  |9 29117  |a BC  |b BC  |c General  |d 2017-08-03  |o 370.19342 ACT  |p 1344916  |r 2026-01-13 00:00:00  |t 1  |w 2017-08-03  |y BK 
999 |c 14525  |d 14525